Bilecik Bilecik Bilecik Bilecik Bilecik

Batı'ya yön veren metinler III : (Record no. 30571)

MARC details
000 -BAŞLIK
Sabit Uzunluktaki Kontrol Alanı 01340nam a22003377a 4500
001 - KONTROL NUMARASI
Control Dosyası 0030651
003 - KONTROL NUMARASI KİMLİĞİ
Kontrol Alanı KOHA_MİRAKIL
005 - EN SON İŞLEM TARİHİ ve ZAMANI
Kontrol Alanı 20260207002736.0
007 - FİZİKSEL TANIM SABİT ALAN - GENEL BİLGİ
Sabit uzunluklu kontrol alanı ta
008 - SABİT UZUNLUKTAKİ VERİ ÖGELERİ - GENEL BİLGİ
Sabit Alan 110701b2010 tu |||gr||||#||||0|tur |
020 ## - ISBN - ULUSLARARASI STANDART KİTAP NUMARASI
Isbn 9786054448057
Nitelik bilgileri Tk. 9786054448017
-- c.1
-- 9786054448027
-- c.2
-- 9786054448037
-- c.3
Kullanılabilirlik koşulları TL,01
040 ## - KATALOGLAMA KAYNAĞI
Özgün Kataloglama Kurumu TR-BiSEU
Kataloglama Dili tur
Çeviri Kurumu TR-BiSEU
Açıklama Kuralları rda
041 0# - DİL KODU
Metin ya da ses kaydının dil kodu tur
044 ## - YAYINLAYAN/ÜRETEN KURULUŞUN ÜLKE KODU
ISO country code tu
050 ## - SINIFLAMA ve YER NUMARASI
Sınıflama Numarası B29
Yer Numarası .B38 2010
245 0# - ESER ADI BİLDİRİMİ
Başlık Batı'ya yön veren metinler III :
Alt Eseradı vb. Aydınlanma,burjivazi yüzyılı, bilim çağının zaferi (1650-1800)/
Sorumluluk Bildirimi der. Alev Alatlı.
264 #1 - ÜRERİM, YAYIN, DAĞITIM ve TELİF BİLDİRİMİ
Yayın yeri İstanbul :
Yayınlayan Kapadokya Meslek Yüksekokulu
Yayın tarihi 2010
300 ## - FİZİKSEL TANIMLAMA
Sayfa, Cilt vb. 4 c. ;
Boyutları 24sm.
336 ## - İÇERİK TÜRÜ
Content type term metin
Content type code txt
Source rdacontent
337 ## - MEDYA TÜRÜ
Media type term aracısız
Media type code n
Source rdamedia
338 ## - TAŞIYICI TÜRÜ
Carrier type term cilt
Carrier type code nc
Source rdacarrier
500 ## - GENEL NOT
Genel Not Kaynakça var.
500 ## - GENEL NOT
Genel Not İçindekiler : 1.c.Kökler, Orta Çağlar --2.c. Rönesans, Protestan Reformu, Erken Modern Dönem (1570-1815), Bilim Çağı (1570-1815)--3.c.Aydınlanma, Burjuvazi Yüzyılı, Bilim Çağının Zaferi--4.c.Modernite 1914 ve Sonrası, Katolik Modern Dünya, Üçüncü Bin Yılın Eşiğinde
650 #0 - KONU BAŞLIĞI EK GİRİŞ - KONU TERİMİ
Konusal terim veya coğrafi ad Felsefe.
9 (RLIN) 3265
650 #0 - KONU BAŞLIĞI EK GİRİŞ - KONU TERİMİ
Konusal terim veya coğrafi ad İnsan.
9 (RLIN) 37729
650 #0 - KONU BAŞLIĞI EK GİRİŞ - KONU TERİMİ
Konusal terim veya coğrafi ad Yaratılış.
9 (RLIN) 60338
650 #0 - KONU BAŞLIĞI EK GİRİŞ - KONU TERİMİ
Konusal terim veya coğrafi ad Evrim.
9 (RLIN) 11229
650 #0 - KONU BAŞLIĞI EK GİRİŞ - KONU TERİMİ
Konusal terim veya coğrafi ad Bilim ve Din.
9 (RLIN) 60339
650 #0 - KONU BAŞLIĞI EK GİRİŞ - KONU TERİMİ
Konusal terim veya coğrafi ad Felsefe ve Din.
9 (RLIN) 60340
942 ## - EK GİRİŞ ÖGELERİ (KOHA)
Source of classification or shelving scheme Library of Congress Classification
Koha item type Book
Holdings
Materyal Türü Kalıcı Konum Mevcut Konum Raf Yeri Sınıflandırma Kaynağı Edinim Bilgisi Ana Konular Alt Konular Yer Numarası Cilt Bilgisi Demirbaş Numarası Fatura Tarihi Geri Çekilme Durumu Kayıp Durumu Hasarlı Durumu Kredi için değil Kayıt Tarih Toplam Ödünçverme Son Görülme Tarihi Son Kontrol Tarihi Genel / Bağış Notu
Book Prof. Dr. Azmi Özcan Kütüphanesi Prof. Dr. Azmi Özcan Kütüphanesi Uluğbey Salonu Library of Congress Classification Bağış FELSEFE, PSİKOLOJİ, DİN Felsefe (Genel) B29 .B38 2010 c.3 0030651 02/02/2026         01/07/2011 5 05/12/2024 05/12/2024 Azmi Özcan, Akademisyen